Tilastot visalle Myanmar-visa

Klikkaa tästä pelataksesi tätä visaa!

Yleistilastot

  • Tätä visaa on pelattu 58 kertaa
  • Keskiarvotulos 15 / 22

Vastaustilastot

VihjeVastaus% Oikein
NaapurimaaThaimaa
100%
NaapurimaaKiina
98%
NaapurimaaBangladesh
98%
NaapurimaaLaos
98%
NaapurimaaIntia
98%
Myanmarin vaihtoehtoinen nimiBurma
96%
Euroopan valtio, jonka siirtomaa Myanmar oliYhdistynyt kuningaskunta
87%
Hallitseva uskontoBuddhalaisuus
87%
Vainottujen rohingyjoen uskontoIslam
82%
Valtio, joka miehitti Myanmarin vuonna 1942Japani
82%
Myanmar on yksi kolmesta valtiosta, joka ei virallisesti käytä
tätä järjestelmää Yhdysvaltojen ja Liberian ohella
{Metri}järjestelmä
73%
Myanmar sijaitsee tämän merenlahden rannalla{Bengalin}lahti
71%
PääkaupunkiNaypyidaw
62%
Väkirikkain kaupunkiYangon
58%
Yllä olevan entinen kirjoittamistapaRangoon
56%
J-kirjaimella alkava sana, joka viittaa esimerkiksi
Myanmaria vuosina 1988-2011 hallinneeseen henkilöön
Juntta
49%
Poliittinen johtaja, joka oli kotiarestissa 20 vuoden ajan{Aung} San
Suu Kyi
49%
P-sana, joka kuvaa tietynlaisia temppelirakennuksia
monissa Aasian maissa Myanmar mukaan lukien
Pagodi
49%
Toiseksi väkirikkain kaupunkiMandalay
47%
Se sijaitsee myös tämän meren rannalla{Andamaanien}meri
40%
Myanmarin pääjokiIravadi
36%
YK:n pääsihteeri vuosina 1961-1971U {Thant}
36%

Tulosjakauma

Persentiili vastausten määrän mukaan

Jokaisen tuloksen saaneiden osuus

Tuloshistoriasi

Et ole pelannut tätä visaa